Quizzes
Events
Quiz Creation
Community
Videos
Private Events
Remove Ads
Sign In
Join for FREE
Feedback
Dark Mode
Quiz Categories
Sports
Geography
Music
Movies
Television
Just For Fun
Miscellaneous
History
Literature
Language
Science
Gaming
Entertainment
Religion
Holiday
For Kids
Quiz Lab
Recent
Popular Today
Quiz Kudos Today
Editor Picks
Curator Picks
Quizzes by...
Day
Popularity
Type
Ratings
Length
Year
Community
Subscriptions
Recent Discussions
Orange Saloon
Badges
Playlists
Quests
Create
Leaderboards
Showdown
Live 5
Trivia Bingo
Activity
Puzzle Library
Sporcle Events
Private Events
Virtual Trivia
Globe League
Become a Host
Pub Owners
SporcleCon
Opinionation
Our Games
Videos
Blog
Mobile Apps
Partnerships
Remove Ads and Go Orange
Feedback
Geography
Country
Landmarks
City
State
Population
World
Capital
Continent
Flags
Europe
Africa
Asia
South America
North America
Oceania
Border
Canada
United Kingdom
Topography
United States
Geography
Country
Landmarks
City
State
Population
World
Capital
Continent
Flags
Europe
Africa
Asia
South America
North America
Oceania
Border
Canada
United Kingdom
Topography
United States
Random Quiz
Search Sporcle
×
Quiz Lab
Quiz Lab
Geography
Country
Type answers that appear on an image
Type answers that appear on an image
Map
Best Score? Go Orange.
Second Letter 'A' Countries (Map) Stats
Can you name the countries with 'A' as their second letter when shown on a map?
By
JasonVoorhees
13m
47 Questions
144 Plays
144 Plays
144 Plays
Comments
Comments
Give Quiz Kudos
Give Quiz Kudos
-
- Ratings
hide this ad
Forced Order
Answers have to be entered in order
Answers have to be entered in order
Replay
Link that replays current quiz
Next Quiz
Link to next quiz in quiz playlist
You Got
0%
They Got
Avg Score
79%
Avg Friend Score
Upgrade to see
Score Distribution
Jump to the score distribution portion of the page
Score
0/47
Timer
13:00
0
Plays Today
% Correct
Japan
85.4%
Madagascar
85.4%
Pakistan
85.4%
Panama
85.4%
Canada
84.7%
Laos
84%
Taiwan
84%
Vatican City
84%
Latvia
84%
Bangladesh
83.3%
Cambodia
83.3%
Haiti
83.3%
Saudi Arabia
83.3%
Paraguay
82.6%
Qatar
82.6%
San Marino
82.6%
Macedonia
81.9%
Papua New Guinea
81.9%
Tajikistan
81.9%
Bahamas
81.3%
Bahrain
80.6%
Kazakhstan
80.6%
Malaysia
80.6%
Maldives
80.6%
% Correct
Cabo Verde
79.9%
Jamaica
79.9%
Mali
79.9%
Malta
79.2%
Mauritania
79.2%
Tanzania
79.2%
Zambia
79.2%
Palestine
78.5%
Samoa
78.5%
Cameroon
77.8%
Namibia
77.8%
Palau
77.1%
Gabon
76.4%
São Tomé and Príncipe
75.7%
Marshall Islands
75%
Mauritius
74.3%
Malawi
73.6%
Barbados
72.2%
Vanuatu
72.2%
Nauru
71.5%
Saint Kitts and Nevis
69.4%
Saint Vincent & the Grenadines
68.1%
Saint Lucia
66%
Quiz Playlist
Details
Report
Send in Message
Add To Playlist
Map:
Type answers that appear on an image
Forced Order:
Answers have to be entered in order
Last Updated: Dec 27, 2018
Quiz Scoreboard
CHALLENGE
Sign Up to Join the Scoreboard
Show All
Scores
Hide
Comments
May contain spoilers
Recently Published
9x9 Crossword: Cartoon Network
by jackfrog10
Miscellaneous
3m
College Basketball Coaching Resumes
by pancakes188
Sports
9m
Billboard Blitz: Fleetwood Mac
by CooCooCachoo
Music
15s
More to Explore
Quiz From the Vault
Featured Blog Post
Where Did the Easter Bunny Come From?
hide this ad
You Might Also Like...
Tags
Country Quiz
Letter Quiz
World Quiz
map
Today's Top Quizzes in Geography
Browse Geography
hide this ad
Today's Top Quizzes in Country
Browse Country
Top Contributed Quizzes in Geography
1
Countries of the World - No Outlines Minefield
2
Top 25 Cities of France on a map
3
Any capital of a 'B' country per Continent
4
Any capital of a 'C' country per Continent
5
Closest Countries to UK A-Z
6
Any capital of a 'D' country per Continent
7
5-to-1: US Geography No Hints
8
Any capital of an 'E' country per Continent
9
Find the US States - No Outlines
10
Any capital of an 'F' country per Continent
Explore More
Trending Topics
Anime
Disney
Crossword
Harry Potter
NBA
Marvel
Kpop
Soccer
Pokémon
Song
NFL
WWE
Country
The Office
Puzzle
hide this ad
More By:
JasonVoorhees
Quiz
Plays
Rating
Category
Featured
Created
True or False: Billboard #1 Albums
15,279
4.60
Music
Oct 30, 2016
'Times Like These' Lyrics
7,165
4.86
Music
Oct 26, 2016
Missing Word: Weezer (A-Z)
4,630
4.50
Just For Fun
Aug 16, 2016
U.S. States by Capital (Map Click)
3,017
4.43
Geography
Dec 24, 2016
Odd One Out: Rock Band Members
2,536
4.72
Music
Nov 7, 2016
Go to Creator's Profile
Score Distribution
Quiz Creator Spotlight
JasonVoorhees
Follow
Send a Message
Quizzes Created
-
Created Quiz Play Count
-
More By This Creator
Popular Quizzes Today
1
Find the US States - No Outlines Minefield
2
Find the Countries of Europe - No Outlines Minefield
3
The Countries of the World
4
Find the US States
5
Risky Map Clicking: Biggest States A-Z
6
US States
7
Popular People in 1961
8
Movies - When Are They Set?
More Geography Quizzes
All About... Cabo Verde
Quiz Lab
Trending Quizzes
Risky Map Clicking: Least Populous States A-Z
1-10 Letter G Words
1-10 Letter F Words
Risky Map Clicking: Next State Alphabetically
Adjectives in 80s TV Shows
Recently Updated
Leaping Animals
pecheneg
Reality TV Shows (A-Z)
bhenderson79
Rickey Henderson's Hall of Fame Teammates
pecheneg
Champions League XIs: Arsenal
pecheneg
Quick Pick: Celebrities in WWE's Hall of Fame
aduchscher
A-Z Keypad Blitz II
pecheneg
Multiple Oscar Actors
pecheneg
Mystery Phrase Blitz: Oscar 'Best Actors'
pecheneg
F. Scott Fitzgerald Novels
LTH
Pick 3 Villains
ddd62291
Trending Topics
Anime
Crossword
Marvel
NBA
Disney
Kpop
Harry Potter
Country
Puzzle
The Office
WWE
Soccer
NFL
Song
Pokémon
Your Account Isn't Verified!
In order to create a playlist on Sporcle, you need to verify the email address you used during registration. Go to your
Sporcle Settings
to finish the process.
Report this User
Report this user for behavior that violates our
Community Guidelines
.
Details:
Send Report
Go to the Sporcle.com Mobile Site →
Comments